000 00565nam a22001817a 4500
999 _c121873
_d121873
005 20191022100439.0
008 161117b1977 mx ||||| |||| 00| 0 spa d
020 _a9682405335
050 0 4 _aKGF5703
_bG37 1977
100 1 _aGarcía Ramírez, Sergio,
245 1 0 _aDelitos en materia de estupefacientes y psicotrópicos
_c/ Sergio García Ramírez.
250 _a3a ed.
_bPrimera de editorial Trillas
260 _aMéxico :
_bTrillas,
_c1977
300 _a303 p. ;
_c23 cm.
650 7 _2lemb
_aDelitos
_zMéxico
650 7 _2lemb
_aDrogas
_zMéxico
942 _2lcc
_cLIB